00282nam a22000857a 4500008004100000082002300041245008000064260004100144300001100185230704b xxu||||| |||| 00| 0 eng d a341.0246bMUT 1976 aState Succession to Treaties in Respect of Newly Independent African States bEast African Literature Bureauc1976 aX,126p